[Event "Olympiad Women-41"]
[Site "Tromsoe"]
[Date "2014.08.10"]
[Round "8.1"]
[White "Vargas Reyes, Ana Gabriela"]
[Black "Meghara, Lylia"]
[Result "1/2-1/2"]
[WhiteElo "2112"]
[BlackElo "1811"]
[PlyCount "187"]
[EventDate "2014.08.02"]
[EventType "team-swiss"]
[EventRounds "11"]
[EventCountry "NOR"]
[SourceTitle "CBM 162"]
[Source "ChessBase"]
[SourceDate "2014.09.17"]
[SourceVersion "1"]
[SourceVersionDate "2014.09.17"]
[SourceQuality "1"]
[WhiteTeam "Paraguay (W)"]
[BlackTeam "Algeria (W)"]
[WhiteTeamCountry "PAR"]
[BlackTeamCountry "ALG"]

1. d4 Nf6 2. c4 e6 3. Nc3 d5 4. cxd5 exd5 5. Bg5 c6 6. Qc2 Be7 7. e3 0-0 8. Bd3 h6 9. Bh4 Re8 10. Nf3 Nbd7 11. 0-0 Nf8 12. h3 Be6 13. Rab1 N6h7 14. Bxe7 Qxe7 15. b4 Qd7 16. Ne5 Qc8 17. Na4 f6 18. Ng6 Ng5 19. Nf4 Bf7 20. Bf5 Qc7 21. b5 Ne4 22. bxc6 bxc6 23. Nc3 Nxc3 24. Qxc3 g6 25. Bc2 Rec8 26. Nd3 Ne6 27. Nc5 Qd6 28. Nxe6 Qxe6 29. Ba4 Qd6 30. Rfc1 Be8 31. Qc5 Qxc5 32. Rxc5 Rc7 33. Rbc1 Rac8 34. Bb5 Kf8 35. Ba6 Rd8 36. Bb5 Rdc8 37. Be2 Ke7 38. Bf3 Kd6 39. g4 Bd7 40. Kg2 Be6 41. Rb1 Ra8 42. Kg3 Bc8 43. Bg2 Ba6 44. Rbc1 Bc4 45. e4 Rac8 46. a3 g5 47. f4 Bb3 48. e5+ Ke7 49. f5 Bc4 50. a4 Kf7 51. Kf2 Ke7 52. Bf1 Bxf1 53. Kxf1 fxe5 54. dxe5 Kd7 55. Re1 Re8 56. Rc2 c5 57. Rf2 Ke7 58. Rd2 d4 59. Re4 Rd8 60. e6 Rd5 61. a5 Kf6 62. Kf2 Rd8 63. Ke2 Rb8 64. Rc2 Rbc8 65. Rc4 Rc6 66. Kd3 a6 67. Kc2 h5 68. Re1 Rh8 69. Rb1 hxg4 70. hxg4 Rh2+ 71. Kd3 Rh3+ 72. Ke4 Rd6 73. Re1 Rg3 74. Rxc5 Rxg4+ 75. Kd3 Rg3+ 76. Kd2 Rg2+ 77. Kd1 Rd8 78. e7 Re8 79. Re6+ Kf7 80. Rce5 Rf2 81. Rxa6 Rxe7 82. Rxe7+ Kxe7 83. Ra8 g4 84. a6 g3 85. Ke1 Rxf5 86. a7 g2 87. Rg8 Ra5 88. Rxg2 Kf7 89. Rh2 Kg7 90. Rg2+ Kh7 91. Rh2+ Kg7 92. Rg2+ Kf6 93. Rg4 Rxa7 94. Rxd4 1/2-1/2

[Event "Ortisei Server24 op 2nd"]
[Site "Ortisei"]
[Date "2013.06.08"]
[Round "8"]
[White "Vargas Reyes, Ana Gabriela"]
[Black "Roesch, Mario"]
[Result "0-1"]
[WhiteElo "2099"]
[BlackElo "2045"]
[PlyCount "62"]
[EventDate "2013.06.01"]
[EventType "swiss"]
[EventRounds "9"]
[EventCountry "ITA"]
[SourceTitle "CBM 154 Extra"]
[Source "ChessBase"]
[SourceDate "2013.06.25"]
[SourceVersion "2"]
[SourceVersionDate "2013.06.25"]
[SourceQuality "1"]

1. d4 Nf6 2. c4 g6 3. Nc3 Bg7 4. e4 d6 5. f3 0-0 6. Be3 c5 7. dxc5 dxc5 8. Qxd8 Rxd8 9. Bxc5 Nc6 10. Nd5 Nd7 11. Bxe7 Nxe7 12. Nxe7+ Kf8 13. Nd5 Bxb2 14. Rb1 Bg7 15. Nh3 Nc5 16. Nf2 Be6 17. Be2 Rac8 18. 0-0 Rd6 19. Nd3 Ra6 20. Nxc5 Rxc5 21. Rxb7 Bd4+ 22. Kh1 Rxa2 23. Bd1 Ra1 24. Be2 Ra2 25. Bd1 a5 26. Rb8+ Kg7 27. Ra8 Ra3 28. g4 Rxc4 29. g5 Bh3 30. Ne7 h5 31. Re1 Ra2 0-1

[Event "Salento op 2nd"]
[Site "Gallipoli"]
[Date "2013.05.30"]
[Round "7"]
[White "Ortega Ruiz, Jose Miguel"]
[Black "Vargas Reyes, Ana Gabriela"]
[Result "1-0"]
[WhiteElo "2346"]
[BlackElo "2057"]
[PlyCount "47"]
[EventDate "2013.05.25"]
[EventType "swiss"]
[EventRounds "9"]
[EventCountry "ITA"]
[SourceTitle "CBM 154 Extra"]
[Source "ChessBase"]
[SourceDate "2013.06.25"]
[SourceVersion "2"]
[SourceVersionDate "2013.06.25"]
[SourceQuality "1"]

1. d4 d5 2. Nf3 Nf6 3. c4 c6 4. e3 a6 5. Nbd2 b5 6. b3 Bg4 7. Bd3 Nbd7 8. Bb2 dxc4 9. bxc4 e5 10. Qc2 Bxf3 11. Nxf3 Bb4+ 12. Ke2 bxc4 13. Bxc4 exd4 14. Nxd4 c5 15. Nf5 0-0 16. Rhd1 Qc7 17. Nxg7 Kxg7 18. Qf5 Rfd8 19. Rxd7 Rxd7 20. Qxf6+ Kf8 21. Qg7+ Ke8 22. Qg8+ Ke7 23. Qxf7+ Kd6 24. Qe6# 1-0

[Event "Pan American-ch (Women)"]
[Site "Montevideo"]
[Date "2012.11.30"]
[Round "9"]
[White "Vargas Reyes, Ana Gabriela"]
[Black "Colombo, Camila"]
[Result "0-1"]
[WhiteElo "2055"]
[BlackElo "2090"]
[PlyCount "46"]
[EventDate "2012.11.24"]
[EventType "swiss"]
[EventRounds "9"]
[EventCountry "URU"]
[SourceTitle "CBM 151 Extra"]
[Source "ChessBase"]
[SourceDate "2012.12.18"]
[SourceVersion "1"]
[SourceVersionDate "2012.12.18"]
[SourceQuality "1"]

1. d4 Nf6 2. c4 g6 3. Nc3 Bg7 4. e4 d6 5. f3 0-0 6. Be3 e5 7. d5 c6 8. Qd2 cxd5 9. cxd5 Nh5 10. 0-0-0 Nd7 11. g4 Nf4 12. Nge2 a6 13. Kb1 b5 14. Rc1 Nc5 15. Nxf4 exf4 16. Bxf4 b4 17. Nd1 a5 18. Be3 a4 19. Bd4 Nb3 20. axb3 axb3 21. Qxb4 Bxd4 22. Rxc8 Qxc8 23. Qxb3 Ra1+ 0-1

[Event "Pan American-ch (Women)"]
[Site "Montevideo"]
[Date "2012.11.28"]
[Round "7"]
[White "Vargas Reyes, Ana Gabriela"]
[Black "Fierro Baquero, Martha Lorena"]
[Result "1/2-1/2"]
[WhiteElo "2055"]
[BlackElo "2364"]
[PlyCount "98"]
[EventDate "2012.11.24"]
[EventType "swiss"]
[EventRounds "9"]
[EventCountry "URU"]
[SourceTitle "CBM 151 Extra"]
[Source "ChessBase"]
[SourceDate "2012.12.18"]
[SourceVersion "1"]
[SourceVersionDate "2012.12.18"]
[SourceQuality "1"]

1. d4 g6 2. c4 Bg7 3. Nc3 d6 4. e4 Nf6 5. f3 0-0 6. Be3 Nc6 7. Qd2 a6 8. Bd3 e5 9. d5 Nd4 10. Nge2 Nd7 11. Bg5 Qe8 12. Bh6 c5 13. h4 Qe7 14. Bxg7 Kxg7 15. h5 Nf6 16. Ng3 Bd7 17. Nd1 b5 18. Ne3 Kh8 19. Nc2 Rab8 20. b3 bxc4 21. Bxc4 Bb5 22. Ne3 a5 23. Bxb5 Rxb5 24. Ng4 Nxg4 25. fxg4 a4 26. bxa4 Rb4 27. 0-0 Qh4 28. Qf2 f6 29. Rab1 Qxg4 30. hxg6 hxg6 31. Rxb4 cxb4 32. Rb1 Qxg3 33. Qxg3 Ne2+ 34. Kf2 Nxg3 35. Kxg3 Rc8 36. Rxb4 Rc3+ 37. Kf2 Rc2+ 38. Kf3 Rxa2 39. g4 Kg7 40. Rb6 Ra3+ 41. Kf2 Rxa4 42. Kf3 Kh6 43. Rxd6 Kg5 44. Re6 Ra3+ 45. Kf2 Rd3 46. Ra6 f5 47. gxf5 gxf5 48. exf5 Kxf5 49. d6 Ke6 1/2-1/2

[Event "Olympiad Women-40"]
[Site "Istanbul"]
[Date "2012.09.09"]
[Round "11.1"]
[White "Vargas Reyes, Ana Gabriela"]
[Black "Milligan, Helen"]
[Result "1/2-1/2"]
[WhiteElo "2050"]
[BlackElo "1987"]
[PlyCount "33"]
[EventDate "2012.08.28"]
[EventType "team-swiss"]
[EventRounds "11"]
[EventCountry "TUR"]
[SourceTitle "CBM 150 Extra"]
[Source "ChessBase"]
[SourceDate "2012.10.19"]
[SourceVersion "1"]
[SourceVersionDate "2012.10.19"]
[SourceQuality "1"]
[WhiteTeam "Paraguay (W)"]
[BlackTeam "New Zealand (W)"]
[WhiteTeamCountry "PAR"]
[BlackTeamCountry "NZL"]

1. d4 Nf6 2. Bg5 c5 3. Bxf6 gxf6 4. d5 Qb6 5. Qc1 f5 6. g3 Bg7 7. c3 d6 8. Bg2 Na6 9. Nd2 Bd7 10. Nh3 h5 11. Nf4 0-0-0 12. h4 Kb8 13. a4 Rc8 14. Nc4 Qb3 15. Nd2 Qb6 16. Nc4 Qb3 17. Nd2 1/2-1/2

[Event "PAR-ch"]
[Site "Asuncion"]
[Date "2011.09.23"]
[Round "1"]
[White "Vargas Reyes, Ana Gabriela"]
[Black "Zarate, Fernandoh"]
[Result "1-0"]
[WhiteElo "2076"]
[BlackElo "1707"]
[PlyCount "97"]
[EventDate "2011.09.23"]
[EventType "swiss"]
[EventRounds "9"]
[EventCountry "PAR"]
[SourceTitle "CBM 144 Extra"]
[Source "ChessBase"]
[SourceDate "2011.10.28"]
[SourceVersion "1"]
[SourceVersionDate "2011.10.28"]
[SourceQuality "1"]

1. d4 Nf6 2. c4 g6 3. Nc3 Bg7 4. e4 d6 5. f3 c6 6. Be3 0-0 7. Qd2 Re8 8. Bd3 Nbd7 9. Nge2 a6 10. 0-0 c5 11. d5 Ne5 12. Nc1 Nxd3 13. Nxd3 Nd7 14. Rac1 b5 15. cxb5 axb5 16. Nxb5 Rxa2 17. Ra1 Rxa1 18. Rxa1 Nb6 19. Rc1 Qd7 20. Qa5 Qb7 21. b4 Bd7 22. bxc5 Nc4 23. Rxc4 Qxb5 24. Qb4 dxc5 25. Nxc5 Rc8 26. Qxb5 Bxb5 27. Rb4 Be8 28. Nb3 Be5 29. Bc5 Kf8 30. g3 Bd7 31. Kf2 Bc3 32. Rc4 Bb2 33. Ke3 h6 34. Nd2 Ke8 35. Bd4 Rxc4 36. Nxc4 Bxd4+ 37. Kxd4 Bb5 38. Ne5 g5 39. f4 f6 40. Ng4 h5 41. Nf2 g4 42. Kc5 Ba6 43. e5 f5 44. Nd1 Bc8 45. e6 Ba6 46. Ne3 Bd3 47. Kd4 Bb1 48. Ke5 Kd8 49. Nxf5 1-0

[Event "Santiago de Chile zt 2.5 (Women)"]
[Site "Santiago de Chile"]
[Date "2011.??.??"]
[Round "6"]
[White "Fernandez, Maria Florencia"]
[Black "Vargas Reyes, Ana Gabriela"]
[Result "1/2-1/2"]
[WhiteElo "2141"]
[BlackElo "2086"]
[PlyCount "103"]
[EventDate "2011.08.26"]
[EventType "swiss"]
[EventRounds "9"]
[EventCountry "CHI"]
[SourceTitle "CBM 144 Extra"]
[Source "ChessBase"]
[SourceDate "2011.10.28"]
[SourceVersion "1"]
[SourceVersionDate "2011.10.28"]
[SourceQuality "1"]

1. d4 d5 2. c4 e6 3. Nc3 Be7 4. Nf3 Nf6 5. Bf4 0-0 6. e3 c5 7. dxc5 Bxc5 8. a3 b6 9. Qc2 Bb7 10. 0-0-0 Qc8 11. Rg1 dxc4 12. Ne5 b5 13. Nxb5 Be4 14. Qxc4 Bd5 15. Qc2 Qb7 16. Kb1 Rc8 17. Rc1 Na6 18. Qa4 Ne4 19. Rc2 Bf8 20. Nd6 Nac5 21. Ba6 Nxa4 22. Bxb7 Rxc2 23. Kxc2 Bxb7 24. Nxb7 Rc8+ 25. Kb3 Nb6 26. Nd3 g5 27. Bg3 Nxg3 28. hxg3 Rb8 29. Na5 Rd8 30. Kc2 Bg7 31. Rd1 Rc8+ 32. Kb1 Na4 33. Rd2 f5 34. Nb3 e5 35. Rc2 Rxc2 36. Kxc2 e4 37. Ndc5 Nxb2 38. Na5 Bf8 39. Nab7 Nc4 40. a4 Ne5 41. Kd2 Be7 42. Nb3 Bb4+ 43. Ke2 Kf7 44. Nd4 Nc4 45. Nc6 a5 46. Nxb4 axb4 47. Nc5 Na5 48. Kd2 Ke7 49. Na6 b3 50. Kc3 Kd6 51. Nb4 h5 52. Na6 1/2-1/2

[Event "Santiago de Chile zt 2.5 (Women)"]
[Site "Santiago de Chile"]
[Date "2011.??.??"]
[Round "7"]
[White "Vargas Reyes, Ana Gabriela"]
[Black "Colombo, Camila"]
[Result "0-1"]
[WhiteElo "2086"]
[BlackElo "2117"]
[PlyCount "70"]
[EventDate "2011.08.26"]
[EventType "swiss"]
[EventRounds "9"]
[EventCountry "CHI"]
[SourceTitle "CBM 144 Extra"]
[Source "ChessBase"]
[SourceDate "2011.10.28"]
[SourceVersion "1"]
[SourceVersionDate "2011.10.28"]
[SourceQuality "1"]

1. d4 Nf6 2. c4 g6 3. f3 Bg7 4. e4 d6 5. Be3 0-0 6. Qd2 a6 7. a4 Nbd7 8. Bd3 c5 9. d5 Ne5 10. Ne2 Nxd3+ 11. Qxd3 Nd7 12. Nec3 Ne5 13. Qe2 f5 14. Nd2 f4 15. Bf2 g5 16. Rb1 a5 17. Kd1 Bd7 18. Nb5 b6 19. Rc1 Rc8 20. b3 Qe8 21. Kc2 Qf7 22. Nc3 Qf6 23. Kb1 Rf7 24. h3 Kf8 25. g4 fxg3 26. Bxg3 Nxf3 27. e5 Qg6+ 28. Ka2 Nxe5 29. Nce4 h6 30. h4 g4 31. h5 Qf5 32. Rcf1 Nf3 33. Rf2 Bd4 34. Rff1 Kg7 35. Bxd6 exd6 0-1

[Event "Pan American-ch (Women)"]
[Site "Sao Paulo"]
[Date "2010.11.30"]
[Round "3"]
[White "Vargas Reyes, Ana Gabriela"]
[Black "Feliciano Ebert, Vanessa"]
[Result "0-1"]
[WhiteElo "2086"]
[BlackElo "2145"]
[PlyCount "78"]
[EventDate "2010.11.28"]
[EventType "swiss"]
[EventRounds "9"]
[EventCountry "BRA"]
[SourceTitle "CBM 139 Extra"]
[Source "ChessBase"]
[SourceDate "2011.01.05"]
[SourceVersion "1"]
[SourceVersionDate "2011.01.05"]
[SourceQuality "1"]

1. d4 Nf6 2. c4 g6 3. Nc3 Bg7 4. e4 d6 5. f3 0-0 6. Be3 e5 7. d5 c6 8. Bd3 cxd5 9. cxd5 Nh5 10. Nge2 f5 11. exf5 gxf5 12. 0-0 Nd7 13. Kh1 Nc5 14. Bc2 a6 15. Rb1 Kh8 16. b4 Nd7 17. Bxf5 Rxf5 18. g4 Rf4 19. gxh5 Rh4 20. Ng3 Nf6 21. Bg5 Rd4 22. Qc1 Bh3 23. h6 Bf8 24. Rg1 Rc8 25. Qe3 Be7 26. Bxf6+ Bxf6 27. Nce4 Rc2 28. Rbc1 Rxc1 29. Qxc1 Qf8 30. Qe3 Bd8 31. Nh5 Rxb4 32. Qd3 Qxh6 33. Nhg3 Bb6 34. Qc3 Bxg1 35. Qxb4 Qc1 36. Qd2 Qa1 37. Qc3 Qxa2 38. Nd2 Bc5 39. Nge4 Qxd5 0-1

[Event "Pan American-ch (Women)"]
[Site "Sao Paulo"]
[Date "2010.11.29"]
[Round "2"]
[White "Da Nobrega, Taina Barbosa F"]
[Black "Vargas Reyes, Ana Gabriela"]
[Result "0-1"]
[WhiteElo "1552"]
[BlackElo "2086"]
[PlyCount "110"]
[EventDate "2010.11.28"]
[EventType "swiss"]
[EventRounds "9"]
[EventCountry "BRA"]
[SourceTitle "CBM 139 Extra"]
[Source "ChessBase"]
[SourceDate "2011.01.05"]
[SourceVersion "1"]
[SourceVersionDate "2011.01.05"]
[SourceQuality "1"]

1. e4 e6 2. d4 d5 3. exd5 exd5 4. h3 Bd6 5. Bd3 Nc6 6. Nf3 Nge7 7. 0-0 0-0 8. a3 Ng6 9. Re1 Nf4 10. Bxf4 Bxf4 11. Nc3 Be6 12. Ne2 Bh6 13. c3 g6 14. Ng3 Bg7 15. Qd2 Re8 16. Re2 Qd6 17. Rae1 Bd7 18. Qg5 Rxe2 19. Rxe2 Re8 20. Rxe8+ Bxe8 21. Qe3 Bd7 22. h4 Qe6 23. Qg5 Qe7 24. Qf4 Be8 25. h5 Bf6 26. hxg6 fxg6 27. Qh6 Nd8 28. Qf4 Nf7 29. Qe3 Bd7 30. Qxe7 Bxe7 31. Ne2 Kg7 32. Nf4 c6 33. Ne5 Bc8 34. Bc2 Bd6 35. Nfd3 g5 36. g3 Bxe5 37. dxe5 g4 38. Kf1 Bf5 39. e6 Bxe6 40. Nf4 Bc8 41. Nh5+ Kh8 42. Nf6 h6 43. Ke2 Kg7 44. Nh5+ Kf8 45. Ke3 Ng5 46. Bd1 Ke7 47. Nf4 Kd6 48. Ng2 c5 49. Bc2 Ke5 50. Nf4 d4+ 51. cxd4+ cxd4+ 52. Kd3 Bf5+ 53. Kd2 Bxc2 54. Kxc2 Ke4 55. Ne2 d3+ 0-1

[Event "Sao Paulo (Women)"]
[Site "Sao Paulo"]
[Date "2010.11.22"]
[Round "7"]
[White "Terao, Juliana Sayumi"]
[Black "Vargas Reyes, Ana Gabriela"]
[Result "1-0"]
[WhiteElo "2138"]
[BlackElo "2085"]
[PlyCount "107"]
[EventDate "2010.11.16"]
[EventType "tourn"]
[EventRounds "9"]
[EventCountry "BRA"]
[SourceTitle "CBM 139 Extra"]
[Source "ChessBase"]
[SourceDate "2011.01.05"]
[SourceVersion "1"]
[SourceVersionDate "2011.01.05"]
[SourceQuality "1"]

1. e4 e6 2. d4 d5 3. Nd2 c5 4. exd5 Qxd5 5. Ngf3 cxd4 6. Bc4 Qd6 7. 0-0 Nf6 8. Nb3 Nc6 9. Nbxd4 Nxd4 10. Nxd4 Bd7 11. c3 Qc7 12. Bb3 0-0-0 13. Qe2 Bd6 14. h3 Bh2+ 15. Kh1 Bf4 16. c4 Bxc1 17. Raxc1 Qf4 18. Rcd1 Qe4 19. Qxe4 Nxe4 20. Bc2 Nf6 21. b4 Kc7 22. Nf3 Bc6 23. Ne5 Rxd1 24. Rxd1 Nd7 25. Nxf7 Rf8 26. Ng5 Rxf2 27. Be4 Bxe4 28. Nxe4 Rxa2 29. Ng5 Re2 30. Nxh7 Re5 31. g4 Nf6 32. Nxf6 gxf6 33. Rd4 Rg5 34. Kg2 e5 35. Rd5 e4 36. Rd4 Re5 37. Kf2 f5 38. Ke3 fxg4 39. hxg4 Re8 40. Rxe4 Rf8 41. Rd4 Kc6 42. Ke4 b6 43. Rd5 a6 44. b5+ axb5 45. cxb5+ Kc7 46. g5 Rf1 47. Ke5 Re1+ 48. Kf6 Rf1+ 49. Rf5 Rg1 50. g6 Kd7 51. Kf7 Kd6 52. g7 Rc1 53. g8Q Rc7+ 54. Kf6 1-0

[Event "Sao Paulo (Women)"]
[Site "Sao Paulo"]
[Date "2010.11.19"]
[Round "4"]
[White "Feliciano Ebert, Vanessa"]
[Black "Vargas Reyes, Ana Gabriela"]
[Result "1/2-1/2"]
[WhiteElo "2156"]
[BlackElo "2085"]
[PlyCount "122"]
[EventDate "2010.11.16"]
[EventType "tourn"]
[EventRounds "9"]
[EventCountry "BRA"]
[SourceTitle "CBM 139 Extra"]
[Source "ChessBase"]
[SourceDate "2011.01.05"]
[SourceVersion "1"]
[SourceVersionDate "2011.01.05"]
[SourceQuality "1"]

1. e4 e6 2. d4 d5 3. Nc3 Bb4 4. e5 c5 5. a3 Bxc3+ 6. bxc3 Qc7 7. Nf3 b6 8. Bb5+ Bd7 9. Bd3 c4 10. Be2 Ba4 11. 0-0 Ne7 12. Ng5 h6 13. Nh3 Nbc6 14. f4 0-0-0 15. Bh5 Rdf8 16. Qe2 Nd8 17. Be3 Qd7 18. Nf2 Ndc6 19. Nd1 Na5 20. Bf2 Rhg8 21. Ne3 Nf5 22. Bg4 g6 23. Bh3 Nxe3 24. Bxe3 h5 25. Rf3 Nc6 26. Bf2 Ne7 27. Bh4 Nf5 28. Bf6 Ng7 29. Kf2 Ne8 30. Bh4 Ng7 31. Ke1 Qb5 32. Kd2 Kb7 33. Rff1 Qd7 34. Rab1 Rb8 35. g3 a5 36. Rb2 Ka7 37. Bg2 Nf5 38. Bf6 Rgc8 39. Qf2 Ne7 40. h3 Ng8 41. Bg5 f5 42. exf6 Qf7 43. Qe2 Nxf6 44. Re1 Re8 45. Qe5 Nh7 46. h4 Rb7 47. Bh3 Bd7 48. Reb1 Nxg5 49. Qxg5 e5 50. Bxd7 Qxd7 51. fxe5 Qh3 52. Re1 Rf8 53. Rbb1 Rf2+ 54. Kc1 Qg2 55. Qxg6 Rf3 56. Qxh5 Qxg3 57. Kb2 Rxc3 58. Qg5 Rxc2+ 59. Kxc2 Qd3+ 60. Kc1 Qc3+ 61. Kd1 Qd3+ 1/2-1/2

[Event "Sao Paulo (Women)"]
[Site "Sao Paulo"]
[Date "2010.11.18"]
[Round "3"]
[White "Vargas Reyes, Ana Gabriela"]
[Black "Cancio Bello Ayes, Flavia"]
[Result "1-0"]
[WhiteElo "2085"]
[BlackElo "2114"]
[PlyCount "69"]
[EventDate "2010.11.16"]
[EventType "tourn"]
[EventRounds "9"]
[EventCountry "BRA"]
[SourceTitle "CBM 139 Extra"]
[Source "ChessBase"]
[SourceDate "2011.01.05"]
[SourceVersion "1"]
[SourceVersionDate "2011.01.05"]
[SourceQuality "1"]

1. d4 Nf6 2. c4 g6 3. Nc3 d5 4. cxd5 Nxd5 5. e4 Nxc3 6. bxc3 Bg7 7. Bc4 c5 8. Ne2 0-0 9. Be3 Nc6 10. 0-0 Qc7 11. Rc1 Rd8 12. Bf4 Qd7 13. dxc5 Ne5 14. Bxe5 Bxe5 15. Qd5 Bxh2+ 16. Kh1 Qe8 17. Qxf7+ Qxf7 18. Bxf7+ Kxf7 19. Kxh2 Be6 20. Rb1 Rd7 21. Rb2 Bc4 22. Rfb1 Rc7 23. Nd4 Bd3 24. Rxb7 Rxc5 25. Re1 Rxc3 26. Re3 Rac8 27. Rf3+ Kg8 28. Rxe7 Rf8 29. Rh3 h5 30. Ne6 Rf6 31. e5 Rxf2 32. Re8+ Kh7 33. Rd8 Rc6 34. Rd6 Be4 35. Ng5+ 1-0

[Event "Olympiad Women-38"]
[Site "Dresden"]
[Date "2008.11.17"]
[Round "5"]
[White "Saleh, Nora Mohd"]
[Black "Vargas Reyes, Ana Gabriela"]
[Result "0-1"]
[WhiteElo "1876"]
[BlackElo "2055"]
[PlyCount "104"]
[EventDate "2008.11.13"]
[EventType "team-swiss"]
[EventRounds "11"]
[EventCountry "GER"]
[SourceTitle "CBM 128"]
[Source "ChessBase"]
[SourceDate "2009.01.28"]
[SourceVersion "1"]
[SourceVersionDate "2009.01.28"]
[SourceQuality "1"]
[WhiteTeam "United Arab Emirates (W)"]
[BlackTeam "Paraguay (W)"]
[WhiteTeamCountry "UAE"]
[BlackTeamCountry "PAR"]

1. d4 d5 2. c4 e6 3. Nc3 Nf6 4. Bg5 Nbd7 5. Nf3 c6 6. e3 Qa5 7. Bxf6 Nxf6 8. Nd2 Bb4 9. Qc2 0-0 10. Nb3 Qc7 11. a3 Bxc3+ 12. Qxc3 Ne4 13. Qc2 Qe7 14. Bd3 f5 15. 0-0 e5 16. cxd5 cxd5 17. Rad1 b6 18. dxe5 Qxe5 19. Qc6 Rb8 20. f4 Qe8 21. Bxe4 Qxc6 22. Bxd5+ Qxd5 23. Rxd5 Be6 24. Rd3 Bc4 25. Rfd1 Bxd3 26. Rxd3 Rfd8 27. Nd4 Rbc8 28. Rd2 Rc4 29. Re2 g6 30. Kf2 Rd5 31. b3 Rc1 32. a4 a6 33. h3 Kf7 34. Kg3 Rxd4 35. exd4 Rc3+ 36. Kf2 Rxb3 37. a5 bxa5 38. Ra2 Rb5 39. g3 Ke6 40. h4 Kd5 41. Ke3 Kc4 42. Rc2+ Kb3 43. Kd3 a4 44. Rc3+ Kb4 45. Rc4+ Ka5 46. Kc2 a3 47. Rc3 Ka4 48. Rc6 a5 49. Re6 a2 50. Re1 Rb1 51. Rxb1 axb1Q+ 52. Kxb1 Kb4 0-1

[Event "Olympiad Women-38"]
[Site "Dresden"]
[Date "2008.11.13"]
[Round "1"]
[White "Vargas Reyes, Ana Gabriela"]
[Black "Hamid, Rani"]
[Result "1-0"]
[WhiteElo "2055"]
[BlackElo "2132"]
[PlyCount "61"]
[EventDate "2008.11.13"]
[EventType "team-swiss"]
[EventRounds "11"]
[EventCountry "GER"]
[SourceTitle "CBM 128"]
[Source "ChessBase"]
[SourceDate "2009.01.28"]
[SourceVersion "1"]
[SourceVersionDate "2009.01.28"]
[SourceQuality "1"]
[WhiteTeam "Paraguay (W)"]
[BlackTeam "Bangladesh (W)"]
[WhiteTeamCountry "PAR"]
[BlackTeamCountry "BAN"]

1. d4 Nf6 2. Nf3 e6 3. Bg5 d5 4. e3 c5 5. c3 Nbd7 6. Nbd2 Bd6 7. Bd3 0-0 8. 0-0 h6 9. Bh4 b6 10. Re1 Qc7 11. e4 dxe4 12. Nxe4 Nxe4 13. Bxe4 Bb7 14. Bxb7 Qxb7 15. dxc5 Bxc5 16. b4 g5 17. Bxg5 hxg5 18. bxc5 Nxc5 19. Nxg5 Kg7 20. Qg4 Kf6 21. Nh7+ Ke7 22. Qh4+ f6 23. Nxf8 Rxf8 24. Rad1 Rf7 25. Re3 Qa6 26. Qd4 Rf8 27. Qd6+ Kf7 28. Qc7+ Kg6 29. Rg3+ Kf5 30. Qh7+ Ke5 31. Re3+ 1-0